000 00676cam a2200205 4500500
005 20260405000842.0
041 _afre
042 _adc
100 1 0 _aOrtoli, Sven
_eauthor
245 0 0 _aOwen Lovejoy : “ À de nombreux égards, les humains sont plus ‘primitifs’ que les chimpanzés”
260 _c2009.
500 _a86
690 _aAnthropologie
690 _aArchéologie
690 _aGrands Singes
690 _aOrigines
690 _aPréhistoire
786 0 _nPhilosophie magazine | 35 | 12 | 2009-12-01 | p. 21-22 | 1951-1787
856 4 1 _uhttps://shs.cairn.info/magazine-philosophie-magazine-2009-12-page-21?lang=fr&redirect-ssocas=7080
999 _c2041450
_d2041450